000 00807nam a2200241 a 4500
001 63622
005 20180714070129.0
008 150928s2011 sp r 000 0 spa d
020 _a978-84-9715-220-4
082 0 _a248.47
_bBAS
100 1 _aBasilio
_cSanto, Obispo de Cesarea
_daproximadamente 329-379.
245 1 0 _aA los jóvenes /
_cBasilio; Francisco Antonio García Romero.
250 _a[Primera edición]
264 1 _aEspaña :
_bEditorial Ciudad Nueva,
_c2011
300 _a124 páginas ;
_c21 cm.
336 _atexto
_2rdacontent
337 _asin mediación
_2rdamedia
338 _avolumen
_2rdacarrier
490 0 _aBiblioteca de Patrística
_v83
650 4 _aJóvenes
_xVida religiosa
650 4 _aAscetismo
700 1 _aGarcía Romero, Francisco Antonio
_etraductor
999 _c63622
_d63622